| 000 | 00862nam a2200253Ia 4500 | ||
|---|---|---|---|
| 003 | OSt | ||
| 005 | 20221005113439.0 | ||
| 006 | a|||||r|||| 00| 0 | ||
| 007 | ta | ||
| 008 | 221004b |||||||| |||| 00| 0 eng d | ||
| 020 |
_a9788178835952 (hbk) _c125 |
||
| 024 | _a14498 | ||
| 037 |
_b894, 08/09/2014, H.K. Prakashan _cTextual |
||
| 040 |
_aCRL _cCRL _beng |
||
| 041 |
_2eng _aeng |
||
| 082 | _aO153,3N26x, Q0 | ||
| 100 | _aਚੁਫ਼ਤਾਈ, ਤੌਕ਼ੀਰ | ||
| 245 | 0 | _aਅ॥ੀਰਲਾ ਹੰਝੂ | |
| 260 |
_aਲੁਧਿਆਣਾ _bਚੇਤਨਾ ਪ੍ਰਕਾਨ ਭਾਰਤ _c2010 |
||
| 300 |
_a104ਪੰ _ccm. |
||
| 650 | _aਪੰਜਾਬੀ ਸਾਹਿਤ | ||
| 942 |
_hO153,3N26x, Q0 _cTEXL _2cc |
||
| 999 |
_c1028216 _d1028216 |
||